Statistics for Every Barcelona Player Since 2000

Click here to take the quiz!

General Stats

  • This quiz has been taken 90 times
  • The average score is 90 of 299

Answer Stats

PositionNationalityPlayer% Correct
MFARGLionel Messi
97%
DFESPGerard Pique
95%
GKGERMarc-Andre ter Stegen
94%
MFESPXavi
94%
MFESPAndres Iniesta
92%
DFESPCarles Puyol
92%
GKESPVictor Valdes
91%
MFESPDenis Suarez
89%
FWURULuis Suarez
89%
FWBRANeymar
89%
MFESPGavi
88%
DFESPJordi Alba
86%
MFESPPedri
86%
MFNEDFrenkie de Jong
85%
FWNEDLuuk de Jong
85%
FWPOLRobert Lewandowski
85%
FWCAMSamuel Eto'o
83%
FWBRARaphinha
82%
MF/DFARGJavier Mascherano
80%
MFESPOriol Busquets
80%
MFESPSergio Busquets
80%
DFDENAndreas Christensen
77%
MFBRARonaldinho
77%
DF/MFESPSergi Roberto
77%
DFBRADani Alves
76%
MFGERIlkay Gundogan
76%
MFCROIvan Rakitic
76%
FWFRAThierry Henry
76%
MFESPPablo Torre
74%
MFESPPedro
74%
DFFRASamuel Umtit
74%
DF/MFESPAleix Vidal
73%
MFCHIArturo Vidal
73%
FWESPDavid Villa
73%
FWESPFerran Torres
73%
FWFRAOusmane Dembele
73%
DFURURonald Araujo
73%
FWARGSergio Araujo
73%
FWFRAAntoine Griezmann
70%
DFFRAJules Kounde
70%
MFBRAPhilippe Coutinho
70%
GKCHIClaudio Bravo
68%
FWSWEZlatan Ibrahimovic
68%
DFFRAClement Lenglet
67%
FWGABPierre-Emerick Aubameyang
67%
MFESPXavi Torres
67%
MFCIVYaya Toure
67%
DFESPAlejandro Balde
65%
FWCHIAlexis Sanchez
64%
DFUSASergino Dest
64%
MFESPDavid Sanchez
62%
DFFRAEric Abidal
62%
FWESPLamine Yamal
62%
DFESPMarcos Alonso
62%
MF/DFESPVictor Sanchez
62%
MFBRAArthur
61%
DFESPEric Garcia
61%
DFPORJoao Cancelo
61%
MFTURArda Turan
59%
MFPORDeco
59%
FWESPLuis Garcia
59%
MFBOSMiralem Pjanic
59%
MFBRARivaldo
59%
FWESPSergio Garcia
59%
DFESPDavid Garcia
58%
DFESPInigo Martinez
58%
DFMEXRafael Marquez
58%
FWPORJoao Felix
56%
MFESPOriol Romeu
56%
FWESPAnsu Fati
55%
FWESPBojan
55%
GKNEDJasper Cillessen
55%
DFFRAJeremy Mathieu
55%
FWDENMartin Braithwaite
55%
FWNEDMemphis Depay
55%
MFESPFermin Lopez
53%
MFESPThiago
53%
MFCAMAlex Song
52%
MFPORAndre Gomes
52%
GKESPInaki Pena
52%
MFBRARafinha
52%
DFESPCarlos Pena
48%
MFESPIvan de la Pena
48%
DFPORNelson Semedo
48%
MFESPCesc Fabregas
47%
MFCIVFranck Kessie
47%
GKBRANeto
47%
MFBRAPaulinho
47%
GKESPPinto
47%
FWESPAdama Traore
45%
MFESPPep Guardiola
45%
MFMALSeydou Keita
45%
DFCOLYerry Mina
45%
DFBELThomas Vermaelen
44%
DFESPBorja Lopez
42%
DFESPJony Lopez
42%
DFESPMarc Bartra
42%
FWARGMaxi Lopez
42%
DFESPOscar Lopez
42%
DFBRAAdriano
41%
DFITAGianluca Zambrotta
41%
FWSWEHenrik Larsson
41%
FWNEDPatrick Kluivert
41%
MFESPRiqui Puig
39%
FWARGSergio Aguero
39%
MFGHAKevin-Prince Boateng
36%
DFBRAMaxwell
36%
DFESPOscar Mingueza
36%
MFMEXGiovani dos Santos
33%
FWESPLuis Enrique
33%
FWMORMunir
33%
FWPORFrancisco Trincao
32%
DFESPHector Bellerin
32%
MFMEXJonathan dos Santos
32%
DFFRALucas Digne
32%
MFBRA/ITAThiago Motta
32%
DFNEDFrank de Boer
30%
DFNEDGiovanni van Bronckhorst
30%
MFBLRAliaksandr Hleb
29%
FWNEDIbrahim Afellay
29%
FWARGJavier Saviola
29%
FWBRAMalcom
29%
DFESPMario
29%
DFBRASylvinho
29%
MFESPCarles Alena
27%
DFFRALillian Thuram
27%
MFNEDMark van Bommel
27%
DFESPSergi Gomez
27%
FWESPGerard Deulofeu
26%
MFESPJordi Gomez
26%
DFDOMJunior Firpo
26%
MFFRALudovic Giuly
26%
DFESPMartin Montoya
26%
DFESPRodri
26%
FWICEEidur Gudjohnsen
24%
DFFRAJean-Clair Todibo
24%
DFBRAJuliano Belletti
24%
DFURUMartin Caceres
24%
MFAUTYusuf Demir
24%
DFBRADouglas
23%
MFNEDEdgar Davids
23%
FWESPPaco Alcacer
23%
MFNEDPhillip Cocu
23%
MFCROAlen Halilovic
21%
DFESPDani Fernandez
21%
GKESPJordi Masip
21%
MFNEDMarc Overmars
21%
GKESPPepe Reina
21%
FWPORRicardo Quaresma
21%
DFESPSergi
21%
FWESPCarles Perez
20%
MFESPCristian Tello
20%
DFBRAEdmilson
20%
DFARGGabriel Milito
20%
MFFINJari Litmanen
20%
DFSENMoussa Wague
20%
DFESPOleguer
20%
DFESPPau Cubarsi
20%
MFESPSergi Samper
20%
FWESPAbel Ruiz
18%
MFARGJuan Roman Riquelme
18%
DFESPMarc Cucurella
18%
MFBRAMatheus Fernandes
18%
FWESPSandro Ramirez
18%
FWESPDani
17%
MFESPGabri
17%
MFESPIsaac Cuenca
17%
DFCOLJeison Murillo
17%
DFESPJorge Cuenca
17%
DFESPJuan Miranda
15%
DFNEDMichael Reiziger
15%
DFESPAlejandro Grimaldo
14%
MFFRAEmmanuel Petit
14%
DFSWEPatrik Andersson
14%
FWESPAlex Collado
12%
DFITAFrancesco Coco
12%
MFESPGerard Gumbau
12%
DFESPJesus Olmo
12%
MFESPMarc Casado
12%
MFPORSimao
12%
GKESPAnder Astralaga
11%
DFESPAndreu Fontas
11%
MFITADemetrio Albertini
11%
DFUKRDmytro Chyhrynskyi
11%
DFESPMarc Muniesa
11%
GKTURRustu Recber
11%
FWESPVictor Vazquez
11%
GKESPAlbert Jorquera
9%
FWVENJeffren
9%
FWESPJoan Roman
9%
GKESPOier
9%
GKGERRobert Enke
9%
FWESPSantiago Ezquerro
9%
GKUSADiego Kochen
8%
GKESPFrancesc Arnau
8%
MFBRAGeovanni
8%
MFESPGerard
8%
FWCAMJean Marie Dongou
8%
DFBRAMarlon
8%
FWESPNolito
8%
GKARGRoberto Bonano
8%
DFESPAbelardo
6%
MFESPAleix Garrido
6%
FWESPAngel Alarcon
6%
MFNEDBoudewijn Zenden
6%
DFESPChumi
6%
MFBRAFabio Rochemback
6%
MFESPGaizka Mendieta
6%
FWESPJonathan Soriano
6%
DFESPJuan Camara
6%
DFARGJuan Pablo Sorin
6%
MFFRALudovic Sylvestre
6%
MFESPLuis Alberto
6%
MFESPMarc Crosas
6%
MFESPPatric
6%
DFFRAPhilippe Christanval
6%
GKFRARichard Dutruel
6%
MFESPAbraham
5%
MFESPAlex Carbonell
5%
FWESPAlfonso
5%
DFESPDamia
5%
DFESPDavid Bermudo
5%
DFBISEdgar Ie
5%
FWISRGai Assulin
5%
DFESPIban Cuadrado
5%
MFESPIlie
5%
DFESPJose Mora
5%
MFESPJose Rueda
5%
DF/MFESPKiko Femenia
5%
FWESPOriol Riera
5%
DFESPRoger Riera
5%
MFESPRos
5%
DFNGASamuel Okunowo
5%
FWESPSaul
5%
FWESPSergio Santamaria
5%
MFCAMWilfrid Kaptoum
5%
FWESPAdria Carmona
3%
DFESPAlbert Dalmau
3%
DFESPAlberto Botia
3%
MFESPAlberto Manga
3%
MFESPAndrea Orlandi
3%
DFESPArmando
3%
MFESPArnau Caldentey
3%
DFESPCarles Planas
3%
MFESPCarlos Carmona
3%
MFESPCristian
3%
FWESPCristian Lobato
3%
FWESPDaniel Nieto
3%
MFESPDaniel Toribio
3%
DFESPDani Tortolero
3%
MFMCEDavid Babunski
3%
DFESPDavid Corcoles
3%
DFESPDavid Lomban
3%
MFESPDimas
3%
DFESPFali
3%
FWESPFernando Nano
3%
DFESPFernando Navarro
3%
FWESPFrancisco Montanes
3%
MFESPGerard Zambudio
3%
MFPORGus Ledes
3%
FWNGAHaruna Babangida
3%
DFESPHector Verdes
3%
DFESPIvan Balliu
3%
MFESPJavier Espinosa
3%
DFESPJavi Martos
3%
FWESPJavito
3%
MFESPJoan Verdu
3%
FWESPJose Guerra
3%
MFESPLluis Sastre
3%
DFESPLucas
3%
DFESPLuis Carrion
3%
DFCAMMacky Bagnack
3%
FWESPMarc Cardona
3%
DFBRAMarcelo
3%
MFESPMarti Riverola
3%
MFESPMoises
3%
MFESPMonchu
3%
DFESPOriol Rosell
3%
FWESPPitu
3%
MFESPPolaco
3%
DFESPRamon Maso
3%
MFESPRoberto Trashorras
3%
GKESPRuben
3%
GKESPRuben Mino
3%
MFESPRuben Rochina
3%
DFESPSergi Palencia
3%
FWJORThaer Al Bawab
3%
MFESPToni Calvo
3%
DFESPAbraham Minero
2%
DFESPDavid Costas
2%
FWESPJofre
2%
MFESPLolo
2%
MFENGMarcus McGuane
2%
DFESPMarc Valiente
2%
DFCAMMartin Hongla
2%
DFESPNili
2%
DFESPVictor Espasandin
2%
MFESPChristian Rivera
0%
FWESPJose Arnaiz
0%

Score Distribution

Percentile by Number Answered

Percent of People with Each Score

Your Score History

You have not taken this quiz